G7 leaders - Statistics

General Stats
  • This quiz has been taken 163 times
    18 since last reset
  • The average score is 5 of 7
Answer Stats
Country Name % Correct
USA Donald J. Trump
100%
France Emmanuel Macron
100%
UK Keir Starmer
88%
Italy Giorgia Meloni
75%
Canada Mark Carney
63%
Germany Friedrich Merz
56%
Japan Shigeru Ishiba
25%
No matching quizzes found
Score Distribution
Percent of People with Each Score
Percentile by Number Answered
Your Score History
You have not taken this quiz since the last reset